000 00248nam a2200097Ia 4500
001 1163671
005 20250827011707.0
008 250824s9999 xx 000 0 und d
245 0 _aNE OKURSAN O OLURSUN
_cROBERT DIYANNI
260 _bANTRE YAYINLARI
999 _c1163671
_d1163671